000 00671nam a2200241 i 4500
001 C2-0070933
003 PPAK
005 20190630222147.0
008 970429s1993 njua|||| ||||| | eng d
020 _a0131371916
040 _aPPAK
_beng
_cPPAK
_erda
082 0 4 _a782.509
_223
090 0 0 _a782.509
_bGAR
_dR
100 1 _aGarretson, Robert L.,
_eauthor
245 1 0 _aChoral music
264 1 _aEnglewood Cliffs, New Jersey :
_bPrentice Hall ,
_c1993
300 _axi, 240 pages :
_billustrations ;
_c23 cm
336 _2rdacontent
_atext
337 _2rdamedia
_aunmediated
338 _2rdacarrier
_avolume
650 1 0 _aChoral music - History
942 _ddc
_cB
999 _c8492
_d8492